NCAA Football Champions By Year (1869-2024) - Statistics

General Stats
  • This quiz has been taken 42 times
  • The average score is 97 of 193
Answer Stats
Year Current Conference Overall Record Answer % Correct
2015 SEC 13-1 Alabama
87%
2017 SEC 13-1 Alabama
87%
2020 SEC 13-0 Alabama
87%
2016 ACC 14-1 Clemson
87%
2018 ACC 15-0 Clemson
87%
2022 SEC 15-0 Georgia
87%
2019 SEC 15-0 LSU
87%
2023 Big 10 15-0 Michigan
87%
2024 Big 10 14-2 Ohio State
87%
2009 SEC 14-0 Alabama
83%
2011 SEC 12-1 Alabama
83%
2012 SEC 13-1 Alabama
83%
2021 SEC 14-1 Georgia
83%
2014 Big 10 14-1 Ohio State
83%
Ivy League 1-1 Princeton
83%
1870 Ivy League 1-0 Princeton
83%
1872 Ivy League 1-0 Princeton
83%
1873 Ivy League 2-0 Princeton
83%
2013 ACC 14-0 Florida State
78%
1878 Ivy League 6-0 Princeton
78%
1879 Ivy League 4-0-1 Princeton
78%
1880 Ivy League 4-0-1 Princeton
78%
1874 Ivy League 3-0 Yale
78%
1876 Ivy League 3-0 Yale
78%
2008 SEC 13-1 Florida
74%
1875 Ivy League 4-0 Harvard
74%
1988 Independent 12-0 Notre Dame
74%
2002 Big 10 14-0 Ohio State
74%
1885 Ivy League 9-0 Princeton
74%
1889 Ivy League 10-0 Princeton
74%
1893 Ivy League 11-0 Princeton
74%
Ivy League 10-0-1 Princeton
74%
Ivy League 11-0 Princeton
74%
2005 SEC 13-0 Texas
74%
2004 Big 10 11-0 USC
74%
1877 Ivy League 3-0-1 Yale
74%
Ivy League 4-0-1 Yale
74%
2010 SEC 14-0 Auburn
70%
1890 Ivy League 11-0 Harvard
70%
2003 SEC 13-1 LSU
70%
2007 SEC 12-2 LSU
70%
2001 ACC 12-0 Miami
70%
Big 10 12-1 USC
70%
1881 Ivy League 5-0-1 Yale
70%
1882 Ivy League 8-0 Yale
70%
1884 Ivy League 8-0-1 Yale
70%
1886 Ivy League 9-0-1 Yale
70%
1887 Ivy League 9-0 Yale
70%
1888 Ivy League 13-0 Yale
70%
1891 Ivy League 13-0 Yale
70%
1892 Ivy League 13-0 Yale
70%
1894 Ivy League 16-0 Yale
70%
2006 SEC 13-1 Florida
65%
1898 Ivy League 11-0 Harvard
65%
1899 Ivy League 10-0-1 Harvard
65%
1901 Big 10 11-0 Michigan
65%
1902 Big 10 11-0 Michigan
65%
1903 Big 10 11-0-1 Michigan
65%
1904 Big 10 10-0 Michigan
65%
1997 Big 10 12-0 Michigan
65%
Independent 9-0 Notre Dame
65%
1977 Independent 11-1 Notre Dame
65%
1895 Ivy League 14-0 Pennsylvania
65%
1897 Ivy League 15-0 Pennsylvania
65%
Ivy League 12-0 Pennsylvania
65%
1906 Ivy League 9-0-1 Princeton
65%
1911 Ivy League 8-0-2 Princeton
65%
1883 Ivy League 9-0 Yale
65%
1900 Ivy League 12-0 Yale
65%
1992 SEC 13-0 Alabama
61%
1910 Ivy League 8-0-1 Harvard
61%
Ivy League 9-0 Harvard
61%
1913 Ivy League 9-0 Harvard
61%
1989 ACC 11-1 Miami
61%
Big 10 13-0 Nebraska
61%
1929 Independent 9-0 Notre Dame
61%
1930 Independent 10-0 Notre Dame
61%
1943 Independent 9-1 Notre Dame
61%
1946 Independent 8-0-1 Notre Dame
61%
1964 Independent 9-1 Notre Dame
61%
Independent 9-0-1 Notre Dame
61%
1973 Independent 11-0 Notre Dame
61%
1869 Big 10 1-1 Rutgers
61%
1907 Ivy League 9-0-1 Yale
61%
1909 Ivy League 10-0 Yale
61%
SEC 11-1 Alabama
57%
1979 SEC 12-0 Alabama
57%
1990 Big 12 11-1-1 Colorado
57%
1915 Ivy League 9-0 Cornell
57%
1999 ACC 12-0 Florida State
57%
1980 SEC 12-0 Georgia
57%
1983 ACC 11-1 Miami
57%
1987 ACC 12-0 Miami
57%
ACC 12-0 Miami
57%
1924 Independent 10-0 Notre Dame
57%
1947 Independent 9-0 Notre Dame
57%
1949 Independent 10-0 Notre Dame
57%
Ivy League 11-0-1 Pennsylvania
57%
1981 ACC 12-0 Clemson
52%
1996 SEC 12-1 Florida
52%
1993 ACC 12-1 Florida State
52%
1919 Ivy League 9-0-1 Harvard
52%
1994 Big 10 13-0 Nebraska
52%
1995 Big 10 12-0 Nebraska
52%
2000 SEC 13-0 Oklahoma
52%
1982 Big 10 11-1 Penn State
52%
Ivy League 8-0 Princeton
52%
SEC 10-1 Alabama
48%
1965 SEC 9-1-1 Alabama
48%
1922 Ivy League 8-0 Cornell
48%
1908 SEC 10-0 LSU
48%
1986 Big 10 12-0 Penn State
48%
Ivy League 7-1 Yale
48%
SEC 11-1 Alabama
43%
1905 Midwest Conference (DIII) 10-0 Chicago
43%
Ivy League 8-0 Cornell
43%
1948 Big 10 9-0 Michigan
43%
Big 10 9-1 Ohio State
43%
1998 SEC 13-0 Tennessee
43%
1991 Big 10 12-0 Washington
43%
SEC 11-0 Alabama
39%
ACC 11-0-1 Georgia Tech
39%
1918 Big 10 5-0 Michigan
39%
1923 Big 10 8-0 Michigan
39%
1968 Big 10 10-0 Ohio State
39%
1985 SEC 11-1 Oklahoma
39%
1978 Big 10 12-1 USC
39%
1984 Big 12 13-0 BYU
35%
1933 Big 10 7-0-1 Michigan
35%
1957 Big 10 9-1 Ohio State
35%
1961 Big 10 8-0-1 Ohio State
35%
Big 10 10-1 Michigan State
30%
1934 Big 10 8-0 Minnesota
30%
1935 Big 10 8-0 Minnesota
30%
1936 Big 10 7-1 Minnesota
30%
1940 Big 10 8-0 Minnesota
30%
1941 Big 10 8-0 Minnesota
30%
1960 Big 10 8-2 Minnesota
30%
1942 Big 10 9-1 Ohio State
30%
Big 10 10-0 Ohio State
30%
Big 10 8-0-1 Penn State
30%
1912 Big 10 8-0 Penn State
30%
1969 SEC 11-0 Texas
30%
1970 SEC 10-1 Texas
30%
1967 Big 10 10-1 USC
30%
1974 Big 10 10-1-1 USC
30%
1925 SEC 10-0 Alabama
26%
1926 SEC 9-0-1 Alabama
26%
SEC 10-0 Alabama
26%
1917 ACC 9-0 Georgia Tech
26%
1966 Big 10 9-0-1 Michigan State
26%
Big 10 11-0-1 Nebraska
26%
1971 Big 10 13-0 Nebraska
26%
SEC 11-0 Oklahoma
26%
1975 SEC 11-1 Oklahoma
26%
1976 ACC 12-0 Pittsburgh
26%
1931 Big 10 10-1 USC
26%
1932 Big 10 10-0 USC
26%
1972 Big 10 12-0 USC
26%
SEC 11-0 Arkansas
22%
1914 AAC 9-0 Army
22%
1944 AAC 9-0 Army
22%
1945 AAC 9-0 Army
22%
Big 10 6-1 Illinois
22%
1896 Patriot League 11-0-1 Lafayette
22%
1958 SEC 11-0 LSU
22%
1955 SEC 11-0 Oklahoma
22%
1956 SEC 10-0 Oklahoma
22%
ACC 10-0-1 Stanford
22%
1963 SEC 11-0 Texas
22%
SEC 10-0 Texas A&M
22%
1939 SEC 11-0 Texas A&M
22%
1954 Big 10 9-0 UCLA
22%
1962 Big 10 11-0 USC
22%
SEC 10-0 Auburn
17%
1920 ACC 9-0 California
17%
1921 ACC 9-0-1 California
17%
ACC 9-0 California
17%
1928 ACC 10-0 Georgia Tech
17%
Big 10 8-0 Illinois
17%
1927 Big 10 7-0-1 Illinois
17%
1953 Big 10 10-1 Maryland
17%
1950 SEC 10-1 Oklahoma
17%
SEC 10-0-1 Ole Miss
17%
ACC 9-0 Pittsburgh
17%
1916 ACC 8-0 Pittsburgh
17%
ACC 4-1 Pittsburgh
17%
1959 ACC 11-0 Syracuse
17%
Big 10 8-1-1 Iowa
13%
1952 Big 10 9-0 Michigan State
13%
1938 Big 12 11-0 TCU
13%
1951 SEC 10-1 Tennessee
13%
1937 ACC 9-0-1 Pittsburgh
9%
No matching quizzes found
Score Distribution
Percent of People with Each Score
Percentile by Number Answered
Your Score History
You have not taken this quiz